000 00481nam a2200181Ia 4500
005 20240823041341.0
008 240823s9999||||xx |||||||||||||| ||und||
041 _aHINDI
082 _A294.555 Q3
100 _aSwami Vivekanda Sardh Shati Samorah Samiti
245 0 _aSaamajik Sankatan va Saamajik Karyakartha
250 _a1st
260 _c2013
_bSwami Vivekanda Sarthsadhi S
500 _aDISPLAY
650 _aSwami Vivekananda
_bGeneral
942 _cBK
999 _c205294
_d205294